000 00374nam a22001457a 4500
020 _a0-517-06554-1
082 _a030
_bBEN/H
100 _aBENDER, LIONEL
245 _aHUMAN BODY
_bSCIENCE FACTS
246 _aTHE HUMAN BODY: ITS MYSTERIES AND MARVELS
260 _aNEW JERSEY
_bCRESENT BOOKS
_c1992
300 _a108
650 _aSCIENCE FACTS
_zUNITED STATES
942 _cBK
999 _c2241
_d2241